00419nam a2200157Ia 45000010006000000050017000060080041000230410008000640820020000721000024000922450092001162600009002083000028002176500008002456540008002531742820260306171516.0260306s9999||||xx |||||||||||||| ||und|| aESP a658bB141 V. 16 aRenart, LL. G.eAUT 0aConsorcios para la exportación, en busca del mejor aliado:ben busca del mejor aliado c1997 a109 páginas :c25 cm. aGEN aCAN